Penerapan budaya jepun dalam pengurusan pendidikan: satu kajian kes sebuah pusat persediaan khas pelajar ke luar Negara di Universiti Malaya /
Saved in:
| Main Author: | |
|---|---|
| Format: | Thesis Book |
| Language: | English |
| Published: |
2007.
|
| Tags: |
Add Tag
No Tags, Be the first to tag this record!
|
| LEADER | 00999cam a2200265 i 4500 | ||
|---|---|---|---|
| 001 | u1040331 | ||
| 003 | SIRSI | ||
| 005 | 201609211346 | ||
| 008 | 160921t2007 myr 00t 0 eng | ||
| 040 | |a UMM |e rda | ||
| 090 | |a LB7 |b UM 2007 Idrja | ||
| 100 | 0 | |a Idrus, Jamian. | |
| 245 | 1 | 0 | |a Penerapan budaya jepun dalam pengurusan pendidikan: satu kajian kes sebuah pusat persediaan khas pelajar ke luar Negara di Universiti Malaya / |c Idrus Bin Jamian. |
| 264 | 1 | |c 2007. | |
| 264 | 4 | |c Ã2007. | |
| 300 | |a vi, 94 leaves : |b illustration ; |c 30 cm. | ||
| 336 | |a text |2 rdacontent | ||
| 337 | |a unmediated |2 rdamedia | ||
| 338 | |a volume |2 rdacarrier | ||
| 502 | |b M. Edu. |c Fakulti Pendidikan, Universiti Malaya |d 2007. | ||
| 504 | |a Bibliography: leaves vii-ix. | ||
| 710 | 2 | |a Universiti Malaya. |b Fakulti Pendidikan. |e degree grating institution | |
| 901 | |a 1 copy in (UMD). | ||
| 596 | |a 8 | ||
| 999 | |a LB7 UM 2007 IDRJA |w LC |c 1 |i A516664253 |d 28/1/2020 |f 18/1/2017 |g 1 |l STACKS |m P08PENDIDI |q 5 |r Y |s Y |t TESIS |u 22/12/2016 | ||
